000 00749cam a22002653a 4500
001 475
003 PGUSA
005 20140828082948.0
008 960301s1996||||xxu|||||s|||||000 | eng d
040 _aPGUSA
_beng
042 _adc
050 4 _aHV
100 1 _aBooth, William,
_d1829-1912
245 1 0 _aIn Darkest England, and the Way Out
_h[electronic resource] /
_cWilliam Booth
260 _bProject Gutenberg,
_c1996
506 _aPublic domain in the USA.
516 _aElectronic text
653 _aUnemployed -- Great Britain
653 _aAgricultural colonies
653 _aPoor -- Great Britain
653 _aSalvation Army
830 0 _aProject Gutenberg
_v475
856 4 0 _uhttp://www.gutenberg.org/ebooks/475
942 _cEB
999 _c229826
_d229826